| 000 | 00374nam a2200157Ia 4500 | ||
|---|---|---|---|
| 008 | 221030s9999 xx 000 0 und d | ||
| 020 | _a8122406130 | ||
| 041 | _aEnglish | ||
| 082 |
_a105.23 _bWad |
||
| 100 | _aC. L. Wadhwa | ||
| 245 | 0 | _aHigh Voltage Engineering | |
| 260 |
_bNew Age International Pub. _aNew Delhi _c1997 |
||
| 300 | _a280 | ||
| 650 | _aEE | ||
| 942 | _cBK | ||
| 999 |
_c1383 _d1383 |
||